[Event "Campeonato de España Universitario 2008"]
[Site "Madrid ESP"]
[Date "2008.05.09"]
[Round "6.34"]
[White "Fernandez Losada, Daniel"]
[Black "Graña Lois, Jorge"]
[Result "1/2-1/2"]
[WhiteElo "2173"]
[BlackElo "2085"]
[PlyCount "131"]
[EventDate "2008.05.08"]
[EventType "swiss"]
[EventRounds "9"]
[EventCountry "ESP"]
[Source "lmi"]
[SourceDate "2008.05.08"]

1. e4 e6 2. d4 d5 3. Nc3 Bb4 4. e5 c5 5. a3 Bxc3+ 6. bxc3 Qc7 7. Bd2 Nc6 8. h4
Nge7 9. h5 Bd7 10. h6 gxh6 11. Nf3 O-O-O 12. Bd3 Rdg8 13. Kf1 c4 14. Be2 Nf5
15. Nh4 Nce7 16. Bh5 Qd8 17. Qf3 Nxh4 18. Rxh4 Nf5 19. Rh2 f6 20. g4 Ng7 21.
exf6 Nxh5 22. Rxh5 e5 23. f7 Rg6 24. Qxd5 Bxg4 25. Qxd8+ Rxd8 26. Rxh6 Be6 27.
Rxh7 exd4 28. cxd4 Rf8 29. Re1 Bxf7 30. Re7 c3 31. Rhxf7 Rxf7 32. Rxf7 cxd2 33.
Ke2 Rg4 34. c3 Rg1 35. Kxd2 Ra1 36. Kd3 Rxa3 37. Kc4 a5 38. d5 a4 39. f4 Rb3
40. Rh7 b5+ 41. Kd4 a3 42. f5 b4 43. cxb4 Rxb4+ 44. Kc5 a2 45. Ra7 Rf4 46. d6
Rf2 47. f6 Kd8 48. Kc6 Rc2+ 49. Kd5 Ke8 50. d7+ Kd8 51. Kd6 Rd2+ 52. Ke6 Rd6+
53. Kf5 Rd2 54. Kg6 Rg2+ 55. Kf7 Rd2 56. Kf8 Rf2 57. f7 Rg2 58. Ra4 Kxd7 59.
Rd4+ Ke6 60. Rd1 Rf2 61. Re1+ Kd7 62. Re7+ Kd8 63. Re8+ Kd7 64. Ra8 Rg2 65.
Ra7+ Kd8 66. Ra8+ 1/2-1/2

[Event "Campeonato de España Universitario 2008"]
[Site "Madrid ESP"]
[Date "2008.05.09"]
[Round "6.35"]
[White "Pellicer Coloma, Pedro"]
[Black "Prieto Aranguren, Alain"]
[Result "0-1"]
[WhiteElo "2006"]
[BlackElo "2170"]
[PlyCount "58"]
[EventDate "2008.05.08"]
[EventType "swiss"]
[EventRounds "9"]
[EventCountry "ESP"]
[Source "lmi"]
[SourceDate "2008.05.08"]

1. d4 Nf6 2. Nf3 g6 3. c4 Bg7 4. Nc3 O-O 5. e4 d6 6. Be2 e5 7. dxe5 dxe5 8.
Qxd8 Rxd8 9. Bg5 Re8 10. O-O-O c6 11. Ne1 Be6 12. f3 Na6 13. Nc2 Nh5 14. g3 Bf6
15. Be3 Ng7 16. Rhf1 Be7 17. f4 f6 18. Kb1 Nb4 19. Ne1 exf4 20. gxf4 a5 21. a3
Na6 22. Na4 Bd8 23. c5 Bb3 24. Rd7 Bxa4 25. Bc4+ Kh8 26. e5 Re7 27. Rd6 Nf5 28.
exf6 Rxe3 29. Ng2 Nxd6 0-1

[Event "Campeonato de España Universitario 2008"]
[Site "Madrid ESP"]
[Date "2008.05.09"]
[Round "6.36"]
[White "Rios Del Moral, Neftali"]
[Black "Fernandez Blazquez, Diego"]
[Result "1-0"]
[WhiteElo "2170"]
[BlackElo "2068"]
[PlyCount "129"]
[EventDate "2008.05.08"]
[EventType "swiss"]
[EventRounds "9"]
[EventCountry "ESP"]
[Source "lmi"]
[SourceDate "2008.05.08"]

1. d4 Nf6 2. Nf3 e6 3. Bf4 b6 4. e3 Bb7 5. Bd3 Be7 6. Nbd2 d6 7. c3 c5 8. Qe2
a6 9. Rd1 Nbd7 10. O-O O-O 11. Nc4 Qc7 12. dxc5 Nxc5 13. Bxd6 Bxf3 14. Bxc7
Bxe2 15. Bxe2 b5 16. Ne5 Nd5 17. Nc6 Rfc8 18. Nxe7+ Nxe7 19. Bd6 Nd5 20. Bxc5
Rxc5 21. Bf3 Rac8 22. Bxd5 Rxd5 23. Rxd5 exd5 24. Rd1 b4 25. cxb4 Kf8 26. Kf1
Rc2 27. Rxd5 Rxb2 28. a3 Rc2 29. Rd6 a5 30. bxa5 Rc3 31. a4 Rc4 32. Rd4 Rc5 33.
Rd8+ Ke7 34. Ra8 Rc4 35. Ra7+ Ke6 36. Ra6+ Ke7 37. Rb6 Rxa4 38. a6 Ra2 39. g3
h5 40. h4 g6 41. Kg2 Kf8 42. e4 Ra3 43. e5 Kg7 44. e6 fxe6 45. Rxe6 Kf7 46. Rb6
Kg7 47. Rb7+ Kf6 48. a7 Ke6 49. Kf1 Ra2 50. Ke1 Kf6 51. Kd1 g5 52. hxg5+ Kxg5
53. Kc1 h4 54. gxh4+ Kxh4 55. Kb1 Ra6 56. Kb2 Kg4 57. Kb3 Kf5 58. Kb4 Ke6 59.
Kb5 Ra1 60. Rh7 Kd6 61. Rh6+ Kd5 62. Kb6 Rb1+ 63. Kc7 Rc1+ 64. Kb7 Rb1+ 65. Rb6
1-0

[Event "Campeonato de España Universitario 2008"]
[Site "Madrid ESP"]
[Date "2008.05.09"]
[Round "6.37"]
[White "Lopez Rodriguez, Walter"]
[Black "Rodriguez Falcon, Jesus Manuel"]
[Result "1-0"]
[WhiteElo "2167"]
[BlackElo "1981"]
[PlyCount "85"]
[EventDate "2008.05.08"]
[EventType "swiss"]
[EventRounds "9"]
[EventCountry "ESP"]
[Source "lmi"]
[SourceDate "2008.05.08"]

1. Nf3 Nf6 2. g3 g6 3. Bg2 Bg7 4. d4 d5 5. c4 c6 6. cxd5 cxd5 7. Nc3 O-O 8. O-O
Nc6 9. Ne5 h6 10. Nxc6 bxc6 11. Na4 Ne4 12. Be3 Nd6 13. f3 Qa5 14. Bf2 Rb8 15.
b3 e5 16. dxe5 Bxe5 17. Rc1 Bb7 18. e4 Rfd8 19. f4 Bg7 20. e5 Ne4 21. Bd4 Bf8
22. f5 c5 23. fxg6 cxd4 24. gxf7+ Kh7 25. Qg4 Bg7 26. e6 Qd2 27. Qf5+ Kh8 28.
e7 Qe3+ 29. Kh1 Nxg3+ 30. hxg3 Qxe7 31. Rce1 Qd6 32. Nc5 Qxc5 33. Be4 dxe4 34.
Qxc5 d3 35. Kh2 Rbc8 36. Qxa7 Rc2+ 37. Rf2 Bd5 38. Ref1 Ra8 39. Qe7 Rf8 40. Kh3
Rxf2 41. Rxf2 Kh7 42. b4 Bxa2 43. Rxa2 1-0

[Event "Campeonato de España Universitario 2008"]
[Site "Madrid ESP"]
[Date "2008.05.09"]
[Round "6.38"]
[White "Hidalgo Duque, Carlos"]
[Black "Ceron Carrion, Cesar"]
[Result "1-0"]
[WhiteElo "2134"]
[BlackElo "1966"]
[PlyCount "61"]
[EventDate "2008.05.08"]
[EventType "swiss"]
[EventRounds "9"]
[EventCountry "ESP"]
[Source "lmi"]
[SourceDate "2008.05.08"]

1. Nf3 c5 2. c4 Nf6 3. Nc3 Nc6 4. g3 g6 5. Bg2 Bg7 6. O-O O-O 7. d4 cxd4 8.
Nxd4 Qb6 9. e3 d6 10. b3 Be6 11. Nxe6 fxe6 12. Bb2 Ne5 13. Na4 Qa5 14. Bc3 Qc7
15. Bxe5 dxe5 16. Nc3 e4 17. Rc1 Qc6 18. Qc2 Rad8 19. Nxe4 Nxe4 20. Bxe4 Qc7
21. Rcd1 Rd6 22. h4 Be5 23. Kg2 Rfd8 24. h5 Rxd1 25. Rxd1 Rxd1 26. Qxd1 Kg7 27.
hxg6 h6 28. Qf3 Bf6 29. Bxb7 Qa5 30. Qc6 Qe5 31. Qe8 1-0

[Event "Campeonato de España Universitario 2008"]
[Site "Madrid ESP"]
[Date "2008.05.09"]
[Round "6.39"]
[White "Cuenca Jimenez, Francisco Javier"]
[Black "Gil Rodriguez, Isabel"]
[Result "1-0"]
[WhiteElo "2130"]
[BlackElo "1916"]
[PlyCount "25"]
[EventDate "2008.05.08"]
[EventType "swiss"]
[EventRounds "9"]
[EventCountry "ESP"]
[Source "lmi"]
[SourceDate "2008.05.08"]

1. c4 Nf6 2. g3 g6 3. Bg2 Bg7 4. Nc3 c5 5. e4 d6 6. Nge2 Nc6 7. d3 O-O 8. O-O
a6 9. f4 Rb8 10. h3 b5 11. e5 Bb7 12. exf6 Bxf6 13. Rb1 1-0

[Event "Campeonato de España Universitario 2008"]
[Site "Madrid ESP"]
[Date "2008.05.09"]
[Round "6.40"]
[White "Mestres Cochs, Joan"]
[Black "Perez Felipe, Marcos Adrian"]
[Result "0-1"]
[WhiteElo "2070"]
[BlackElo "2238"]
[PlyCount "74"]
[EventDate "2008.05.08"]
[EventType "swiss"]
[EventRounds "9"]
[EventCountry "ESP"]
[Source "lmi"]
[SourceDate "2008.05.08"]

1. e4 b6 2. d4 Bb7 3. Bd3 Nf6 4. f3 d5 5. Nc3 e6 6. Nge2 c5 7. exd5 Nxd5 8. Be4
Nxc3 9. bxc3 Qc8 10. O-O Be7 11. Be3 Nd7 12. Qb1 O-O 13. a4 cxd4 14. cxd4 Nf6
15. Bxb7 Qxb7 16. Qb3 Rfc8 17. c4 Qc7 18. Rfc1 e5 19. c5 bxc5 20. dxc5 Rab8 21.
Qc4 Qa5 22. Ra2 Rc6 23. Ng3 Rbc8 24. Rac2 Qd8 25. Qb5 Qc7 26. Ne4 Nd5 27. Bf2
Nf4 28. Nd2 Qd7 29. Nb3 Qf5 30. Na5 Rg6 31. Bg3 Nd3 32. Rd1 Bxc5+ 33. Kh1 Rb6
34. Rxc5 Rxb5 35. Rxb5 h6 36. Rbb1 Nf4 37. Rb2 Rc2 0-1

[Event "Campeonato de España Universitario 2008"]
[Site "Madrid ESP"]
[Date "2008.05.09"]
[Round "6.41"]
[White "Perez Campos, Adria"]
[Black "Gallardo Estrella, Alvaro"]
[Result "1-0"]
[WhiteElo "2229"]
[BlackElo "2042"]
[PlyCount "60"]
[EventDate "2008.05.08"]
[EventType "swiss"]
[EventRounds "9"]
[EventCountry "ESP"]
[Source "lmi"]
[SourceDate "2008.05.08"]

1. c4 e5 2. Nc3 f5 3. g3 Nf6 4. Bg2 Bc5 5. e3 d6 6. d4 exd4 7. exd4 Qe7+ 8.
Nge2 Bb6 9. O-O O-O 10. Bg5 c6 11. Re1 h6 12. Bxf6 Qxf6 13. a4 g5 14. a5 Bc7
15. f4 g4 16. d5 c5 17. Nb5 Bd8 18. b4 Na6 19. bxc5 Nxc5 20. Ned4 Bd7 21. Ne6
Nxe6 22. dxe6 Bxb5 23. cxb5 Qe7 24. Qd5 Rb8 25. Red1 Bc7 26. Bf1 Rbe8 27. Bd3
Qf6 28. Qxb7 Qd4+ 29. Kh1 Bd8 30. Bxf5 Qc5 1-0

[Event "Campeonato de España Universitario 2008"]
[Site "Madrid ESP"]
[Date "2008.05.09"]
[Round "6.42"]
[White "Martinez Lozano, Miguel Angel"]
[Black "Piña Sierra, Julia"]
[Result "1-0"]
[WhiteElo "2209"]
[BlackElo "2101"]
[PlyCount "81"]
[EventDate "2008.05.08"]
[EventType "swiss"]
[EventRounds "9"]
[EventCountry "ESP"]
[Source "lmi"]
[SourceDate "2008.05.08"]

1. e4 c5 2. Nf3 d6 3. d4 cxd4 4. Nxd4 Nf6 5. Nc3 g6 6. Be3 Bg7 7. Bc4 Nc6 8. f3
O-O 9. Qd2 Bd7 10. O-O-O Rc8 11. Bb3 Ne5 12. h4 h5 13. Bg5 Rc5 14. Kb1 b5 15.
g4 Nexg4 16. fxg4 Bxg4 17. Rde1 Qd7 18. Nd5 a5 19. Nxf6+ exf6 20. Bh6 b4 21.
Bxg7 Kxg7 22. Rhf1 Re8 23. Qf4 Qe7 24. Ba4 Rec8 25. Rf2 Qe5 26. Qxe5 dxe5 27.
Nb3 R5c7 28. Rd2 Be6 29. Re3 Ra8 30. Rd6 Rac8 31. Re2 Ra8 32. Red2 Rc4 33. Rd1
Ra7 34. Nd2 Rc8 35. Bb3 Bxb3 36. axb3 a4 37. bxa4 Rxa4 38. Rf1 Rca8 39. Nb3
R4a7 40. Rdxf6 Rc8 41. Rd6 1-0

[Event "Campeonato de España Universitario 2008"]
[Site "Madrid ESP"]
[Date "2008.05.09"]
[Round "6.43"]
[White "Krug Cortegoso, Rodolfo Martin"]
[Black "Ramos Del Campo, Alexander"]
[Result "1-0"]
[WhiteElo "2154"]
[BlackElo "1961"]
[PlyCount "55"]
[EventDate "2008.05.08"]
[EventType "swiss"]
[EventRounds "9"]
[EventCountry "ESP"]
[Source "lmi"]
[SourceDate "2008.05.08"]

1. Nf3 d5 2. c4 e6 3. d4 Nf6 4. g3 Be7 5. Bg2 O-O 6. O-O dxc4 7. Ne5 c5 8. dxc5
Bxc5 9. Qxd8 Rxd8 10. Nc3 a6 11. Nxc4 Nc6 12. Na4 Ba7 13. Nab6 Bxb6 14. Nxb6
Rb8 15. Be3 Nd5 16. Bxd5 exd5 17. Bf4 Be6 18. Bxb8 Rxb8 19. Rfd1 d4 20. Rd2 Kf8
21. b3 Ke7 22. Rc1 Kf6 23. Na4 Re8 24. Nc5 Bc8 25. Nxa6 Ne5 26. Nc7 Rd8 27. Nb5
d3 28. f4 1-0

[Event "Campeonato de España Universitario 2008"]
[Site "Madrid ESP"]
[Date "2008.05.09"]
[Round "6.44"]
[White "Casanellas Ruano, Lluis"]
[Black "Gonzalez Berruga, Ana Isabel"]
[Result "1-0"]
[WhiteElo "2146"]
[BlackElo "1986"]
[PlyCount "103"]
[EventDate "2008.05.08"]
[EventType "swiss"]
[EventRounds "9"]
[EventCountry "ESP"]
[Source "lmi"]
[SourceDate "2008.05.08"]

1. e4 c5 2. Nf3 d6 3. d4 cxd4 4. Nxd4 Nf6 5. f3 a6 6. c4 e5 7. Nc2 Be6 8. Be2
Nc6 9. O-O b5 10. cxb5 axb5 11. Be3 Rb8 12. Nc3 Bc4 13. b3 Bxe2 14. Qxe2 Qa5
15. Qd3 Be7 16. a3 O-O 17. b4 Qd8 18. Rfd1 Qd7 19. Bg5 Rfd8 20. Ne3 Nd4 21. Ne2
Nxe2+ 22. Qxe2 g6 23. Bxf6 Bxf6 24. Rd5 Qa7 25. Kh1 Qb6 26. Rad1 Be7 27. h3
Rdc8 28. R5d3 Qa7 29. Nd5 Bf8 30. Qd2 Rc4 31. Rc3 Rbc8 32. Qe3 Qxe3 33. Rxe3
Rc2 34. Rdd3 Rc1+ 35. Kh2 R8c2 36. Rc3 Bh6 37. Rxc2 Rxc2 38. Rc3 Bf4+ 39. Kg1
Rc1+ 40. Kf2 Kf8 41. Ke2 Bg5 42. h4 Bf4 43. g4 h6 44. Rd3 Rc2+ 45. Kf1 Rc1+ 46.
Kg2 Rc2+ 47. Kg1 Rc1+ 48. Kf2 Rc2+ 49. Ke1 Rc1+ 50. Rd1 Bg3+ 51. Kd2 Rc6 52. h5
1-0

[Event "Campeonato de España Universitario 2008"]
[Site "Madrid ESP"]
[Date "2008.05.09"]
[Round "6.45"]
[White "Garcia Bernardez, Jaime"]
[Black "Ivanovitch Balsinde, Nicolas M"]
[Result "0-1"]
[WhiteElo "2038"]
[BlackElo "2141"]
[PlyCount "96"]
[EventDate "2008.05.08"]
[EventType "swiss"]
[EventRounds "9"]
[EventCountry "ESP"]
[Source "lmi"]
[SourceDate "2008.05.08"]

1. e4 e5 2. Nf3 Nc6 3. d4 exd4 4. Bc4 Bc5 5. c3 Nf6 6. e5 d5 7. Bb5 Ne4 8. cxd4
Be7 9. Qc2 Bd7 10. Bxc6 bxc6 11. Nc3 Nxc3 12. Qxc3 O-O 13. O-O f6 14. Re1 fxe5
15. Nxe5 Bd6 16. f4 Rb8 17. a3 Be8 18. b4 Qf6 19. Be3 Kh8 20. Rf1 Rd8 21. Rac1
Qf5 22. Qd2 Qe6 23. Qd3 Bg6 24. Nxg6+ hxg6 25. Rxc6 Rde8 26. Rc3 Rf7 27. Bd2
Qf5 28. Qh3+ Kg8 29. Re3 Rfe7 30. Qxf5 gxf5 31. Rfe1 Rxe3 32. Rxe3 Re4 33. Rxe4
dxe4 34. Kf2 c6 35. Ke3 Bc7 36. Bc3 Kf7 37. a4 g6 38. g4 Ke6 39. g5 Kd5 40. h4
Bd6 41. Be1 Bf8 42. Bc3 Bg7 43. Kd2 Kc4 44. Kc2 Kd5 45. b5 cxb5 46. axb5 Bf8
47. Kd2 Bd6 48. Ke3 Ba3 0-1

[Event "Campeonato de España Universitario 2008"]
[Site "Madrid ESP"]
[Date "2008.05.09"]
[Round "6.46"]
[White "Romero Lopez, Marta"]
[Black "Valles Mata, David"]
[Result "1/2-1/2"]
[WhiteElo "2018"]
[BlackElo "2113"]
[PlyCount "116"]
[EventDate "2008.05.08"]
[EventType "swiss"]
[EventRounds "9"]
[EventCountry "ESP"]
[Source "lmi"]
[SourceDate "2008.05.08"]

1. d4 d5 2. Nf3 Nf6 3. Bg5 h6 4. Bh4 Bf5 5. e3 e6 6. Bd3 Be7 7. Bxf5 exf5 8.
Bxf6 Bxf6 9. Qd3 Qc8 10. Nbd2 O-O 11. c4 c6 12. cxd5 cxd5 13. O-O Nc6 14. Qb5
Qd7 15. Nb3 Ne5 16. Qe2 Nxf3+ 17. Qxf3 b6 18. Rfc1 Rac8 19. h3 Be7 20. Rxc8
Rxc8 21. Rc1 Rxc1+ 22. Nxc1 Qb5 23. Nb3 g6 24. Qf4 Kg7 25. Qc7 Qb4 26. g3 a5
27. a3 Qd6 28. Qc3 h5 29. h4 Qe6 30. Qd3 Qe4 31. Qd1 Bd6 32. Nc1 Qb1 33. Qd2 b5
34. Kg2 b4 35. a4 g5 36. hxg5 h4 37. Kh3 Qe4 38. Kh2 h3 39. f4 Qf3 40. Nd3 Qf1
41. Nc1 b3 42. Nd3 Be7 43. Nc5 Kg6 44. Nxb3 Bb4 45. Qc2 Be1 46. Qc6+ Kg7 47.
Qh6+ Kg8 48. Qxh3 Qd3 49. Nc5 Qxe3 50. Nd7 Qf2+ 51. Kh1 Qf3+ 52. Kh2 Qf2+ 53.
Qg2 Qxd4 54. Nf6+ Kg7 55. Qxd5 Qxb2+ 56. Qg2 Qd4 57. Qh3 Qf2+ 58. Qg2 Qd4
1/2-1/2

[Event "Campeonato de España Universitario 2008"]
[Site "Madrid ESP"]
[Date "2008.05.09"]
[Round "6.47"]
[White "Gomez Peco, David"]
[Black "Medina Menendez, Eduardo Matias"]
[Result "0-1"]
[WhiteElo "1980"]
[BlackElo "2105"]
[PlyCount "48"]
[EventDate "2008.05.08"]
[EventType "swiss"]
[EventRounds "9"]
[EventCountry "ESP"]
[Source "lmi"]
[SourceDate "2008.05.08"]

1. e4 d6 2. d4 Nf6 3. Nc3 e5 4. Nf3 Nbd7 5. Bc4 Be7 6. O-O O-O 7. h3 c6 8. a4
Qc7 9. Bb3 exd4 10. Nxd4 Nc5 11. Re1 Nxb3 12. Nxb3 Rd8 13. Bf4 Nd7 14. Bh2 Ne5
15. Qe2 Be6 16. Nd2 Qb6 17. Rab1 Qb4 18. Kh1 a5 19. f4 Nc4 20. Nxc4 Bxc4 21.
Qf3 f5 22. b3 Bf7 23. exf5 d5 24. Nd1 Qxe1+ 0-1

[Event "Campeonato de España Universitario 2008"]
[Site "Madrid ESP"]
[Date "2008.05.09"]
[Round "6.49"]
[White "Sanchez Jimenez, David"]
[Black "Deruelle Sala, Albert"]
[Result "0-1"]
[WhiteElo "1916"]
[BlackElo "2103"]
[PlyCount "80"]
[EventDate "2008.05.08"]
[EventType "swiss"]
[EventRounds "9"]
[EventCountry "ESP"]
[Source "lmi"]
[SourceDate "2008.05.08"]

1. f4 e5 2. e4 d5 3. exd5 exf4 4. Nf3 Nf6 5. d4 Nxd5 6. Bc4 Be7 7. O-O O-O 8.
Nc3 Ne3 9. Bxe3 fxe3 10. Qd3 Nc6 11. Qxe3 Bf6 12. d5 Qe7 13. Qf4 Ne5 14. Rae1
Qc5+ 15. Kh1 Nxc4 16. Ne4 Qxd5 17. Qxf6 Qxe4 18. Rxe4 gxf6 19. Rxc4 c6 20. Nd4
Be6 21. Rc3 Rad8 22. Rg3+ Kh8 23. c3 c5 24. Nf3 Rg8 25. Rxg8+ Kxg8 26. Kg1 Kg7
27. Kf2 a6 28. a3 b5 29. Ke3 Bc4 30. Ra1 Re8+ 31. Kf4 Re2 32. b4 Rxg2 33. bxc5
Rc2 34. a4 Rxc3 35. Nd4 bxa4 36. Rxa4 Bb5 37. Nf5+ Kf8 38. Rd4 Rc4 39. Rxc4
Bxc4 40. Nd4 Ke7 0-1

[Event "Campeonato de España Universitario 2008"]
[Site "Madrid ESP"]
[Date "2008.05.09"]
[Round "6.51"]
[White "Alcazar Jimenez, Jesus Alberto"]
[Black "Garcia Rodriguez, Vanessa"]
[Result "1-0"]
[WhiteElo "2247"]
[BlackElo "1967"]
[PlyCount "49"]
[EventDate "2008.05.08"]
[EventType "swiss"]
[EventRounds "9"]
[EventCountry "ESP"]
[Source "lmi"]
[SourceDate "2008.05.08"]

1. e4 e5 2. Nf3 Nc6 3. Bb5 a6 4. Ba4 Nf6 5. O-O b5 6. Bb3 Be7 7. d4 d6 8. a4
Bg4 9. c3 O-O 10. Re1 Qd7 11. d5 Na5 12. Bc2 c6 13. dxc6 Qxc6 14. h3 Bh5 15.
Nbd2 Rfd8 16. Nf1 Bxf3 17. Qxf3 d5 18. exd5 Qxd5 19. Qxd5 Rxd5 20. Ne3 Rdd8 21.
Nf5 Bf8 22. Bg5 Nc6 23. Nh6+ gxh6 24. Bxf6 Rdb8 25. Be4 1-0

[Event "Campeonato de España Universitario 2008"]
[Site "Madrid ESP"]
[Date "2008.05.09"]
[Round "6.52"]
[White "Ares Campo, Iria"]
[Black "Zamarbide Iñarrea, Borja"]
[Result "1-0"]
[WhiteElo "1987"]
[BlackElo "2202"]
[PlyCount "67"]
[EventDate "2008.05.08"]
[EventType "swiss"]
[EventRounds "9"]
[EventCountry "ESP"]
[Source "lmi"]
[SourceDate "2008.05.08"]

1. Nf3 e6 2. b3 f5 3. Bb2 Nf6 4. d3 b6 5. g3 Bb7 6. Bg2 Be7 7. e3 O-O 8. O-O
Qe8 9. c4 d6 10. Nc3 e5 11. d4 e4 12. Ng5 Bd8 13. d5 Bc8 14. Nh3 Ng4 15. Nb5
Nd7 16. Nf4 Nde5 17. h3 Nf3+ 18. Bxf3 exf3 19. Qxf3 Ne5 20. Qg2 g5 21. Ne2 g4
22. Bxe5 dxe5 23. h4 a6 24. Nbc3 f4 25. exf4 exf4 26. Nxf4 Bxh4 27. Rae1 Qf7
28. Ne6 Bf6 29. Ne4 Bxe6 30. Nxf6+ Qxf6 31. Rxe6 Qf3 32. Qxf3 Rxf3 33. Re7 Rf7
34. Rfe1 1-0

[Event "Campeonato de España Universitario 2008"]
[Site "Madrid ESP"]
[Date "2008.05.09"]
[Round "6.53"]
[White "Pousada Garcia, Victor Daniel"]
[Black "Alonso Alvarez, Aitor"]
[Result "0-1"]
[WhiteElo "1986"]
[BlackElo "2190"]
[PlyCount "68"]
[EventDate "2008.05.08"]
[EventType "swiss"]
[EventRounds "9"]
[EventCountry "ESP"]
[Source "lmi"]
[SourceDate "2008.05.08"]

1. e4 c5 2. Nf3 Nc6 3. c3 d5 4. exd5 Qxd5 5. d4 Bg4 6. Be2 cxd4 7. cxd4 e6 8.
Nc3 Qd8 9. O-O Nf6 10. Be3 Be7 11. Qb3 Qb6 12. Qxb6 axb6 13. a3 O-O 14. Rac1
Rfd8 15. Rfd1 Nd5 16. Nxd5 Rxd5 17. h3 Bh5 18. g4 Bg6 19. Ne5 Nxe5 20. dxe5
Rxe5 21. Bf3 Be4 22. Bxe4 Rxe4 23. Rd7 Bf6 24. Rxb7 Bxb2 25. Rcc7 Rf8 26. Ra7
Bd4 27. Rc4 e5 28. Re7 h5 29. Bxd4 Rxd4 30. Rb4 hxg4 31. hxg4 Rxb4 32. axb4 Rd8
33. Rxe5 Rd4 34. b5 Rxg4+ 0-1

[Event "Campeonato de España Universitario 2008"]
[Site "Madrid ESP"]
[Date "2008.05.09"]
[Round "6.54"]
[White "Acuña Celada, Ivan"]
[Black "Perez Garcia, Jose Miguel"]
[Result "1/2-1/2"]
[WhiteElo "2114"]
[BlackElo "1957"]
[PlyCount "70"]
[EventDate "2008.05.08"]
[EventType "swiss"]
[EventRounds "9"]
[EventCountry "ESP"]
[Source "lmi"]
[SourceDate "2008.05.08"]

1. e4 c5 2. Nf3 e6 3. d4 cxd4 4. Nxd4 a6 5. Nc3 Qc7 6. Bd3 Nf6 7. O-O Be7 8. a4
b6 9. Kh1 Bb7 10. f4 d6 11. Be3 Nbd7 12. Qf3 O-O 13. Rae1 Rfe8 14. Qg3 Nc5 15.
e5 Nfe4 16. Nxe4 Nxe4 17. Bxe4 Bxe4 18. f5 exf5 19. Nxf5 Bxf5 20. Rxf5 dxe5 21.
Qf2 Bc5 22. Bxc5 bxc5 23. Qg3 Rad8 24. h3 g6 25. Rfxe5 Qc6 26. Rxe8+ Rxe8 27.
Rxe8+ Qxe8 28. b3 Qe6 29. Qf2 c4 30. Qc5 Qe1+ 31. Kh2 c3 32. b4 Qd2 33. b5 Qf4+
34. Kg1 Qc1+ 35. Kh2 Qf4+ 1/2-1/2

[Event "Campeonato de España Universitario 2008"]
[Site "Madrid ESP"]
[Date "2008.05.09"]
[Round "6.55"]
[White "Cruz Marquez, Francisco Cesar"]
[Black "Pascual Palomo, Lucia"]
[Result "0-1"]
[WhiteElo "1958"]
[BlackElo "2106"]
[PlyCount "58"]
[EventDate "2008.05.08"]
[EventType "swiss"]
[EventRounds "9"]
[EventCountry "ESP"]
[Source "lmi"]
[SourceDate "2008.05.08"]

1. e4 e6 2. d4 d5 3. exd5 exd5 4. c4 Nf6 5. cxd5 Nxd5 6. Nc3 c6 7. Bc4 Nb6 8.
Bb3 Be7 9. Nge2 O-O 10. O-O Na6 11. Ng3 Bf6 12. Be3 g6 13. Rc1 Nc7 14. Qf3 Be6
15. Rfd1 Bxb3 16. axb3 Nbd5 17. Nce4 Bg7 18. Nc5 Rb8 19. Nd3 f5 20. Nf4 Nxe3
21. fxe3 Qe7 22. d5 Nxd5 23. Nxd5 cxd5 24. Qxd5+ Qf7 25. Qd6 Qxb3 26. Rd3 Qxb2
27. Rc7 Be5 28. Qe6+ Kh8 29. Rcd7 Rbe8 0-1

[Event "Campeonato de España Universitario 2008"]
[Site "Madrid ESP"]
[Date "2008.05.09"]
[Round "6.56"]
[White "Lanza Peña, Alberto"]
[Black "Peiro Ibañez, Felipe"]
[Result "0-1"]
[WhiteElo "2101"]
[BlackElo "1930"]
[PlyCount "84"]
[EventDate "2008.05.08"]
[EventType "swiss"]
[EventRounds "9"]
[EventCountry "ESP"]
[Source "lmi"]
[SourceDate "2008.05.08"]

1. d4 d5 2. c4 e6 3. Nc3 Nf6 4. Bg5 Be7 5. Nf3 h6 6. Bh4 O-O 7. e3 Nbd7 8. Rc1
c5 9. cxd5 cxd4 10. Nxd4 Nxd5 11. Bg3 Bb4 12. Bd3 Bxc3+ 13. bxc3 N7f6 14. O-O
Bd7 15. Nb5 Bxb5 16. Bxb5 Qa5 17. Qb3 Ne4 18. c4 Nd2 19. Qb2 Nxf1 20. cxd5 Nxg3
21. hxg3 exd5 22. Rd1 Rfd8 23. Bd3 b6 24. Qe5 d4 25. Qe4 g6 26. Bc4 Qf5 27. Qh4
Qg5 28. Qe4 dxe3 29. Rf1 exf2+ 30. Rxf2 Rd1+ 31. Bf1 Rad8 32. Qc4 Qd5 33. Qc7
Rd7 34. Qb8+ Kg7 35. Qf4 Qd6 36. Qf3 Rc1 37. Kh2 Qe5 38. Kg1 Rc3 39. Qg4 Rd4
40. Qh3 Qxg3 41. Rxf7+ Kxf7 42. Qxh6 Qe3+ 0-1

[Event "Campeonato de España Universitario 2008"]
[Site "Madrid ESP"]
[Date "2008.05.09"]
[Round "6.57"]
[White "Cobo Montejo, Miguel Angel"]
[Black "Peñas Hernandez, Yolanda"]
[Result "1-0"]
[WhiteElo "1918"]
[BlackElo "2040"]
[PlyCount "41"]
[EventDate "2008.05.08"]
[EventType "swiss"]
[EventRounds "9"]
[EventCountry "ESP"]
[Source "lmi"]
[SourceDate "2008.05.08"]

1. d4 f5 2. e4 fxe4 3. Nc3 Nf6 4. Bg5 Nc6 5. Bxf6 exf6 6. d5 Ne5 7. Nxe4 Be7 8.
d6 cxd6 9. Nxd6+ Bxd6 10. Qxd6 Qa5+ 11. c3 Nf7 12. Qd4 O-O 13. Bc4 Qg5 14. Ne2
Kh8 15. O-O d6 16. Bxf7 Rxf7 17. Qxd6 Bg4 18. Nd4 Qd2 19. f3 Rd7 20. Qc5 Qe3+
21. Kh1 1-0

[Event "Campeonato de España Universitario 2008"]
[Site "Madrid ESP"]
[Date "2008.05.09"]
[Round "6.60"]
[White "Litran Sirvent, Oscar"]
[Black "Rey Garcia, Tomas"]
[Result "0-1"]
[WhiteElo "1910"]
[BlackElo "2029"]
[PlyCount "22"]
[EventDate "2008.05.08"]
[EventType "swiss"]
[EventRounds "9"]
[EventCountry "ESP"]
[Source "lmi"]
[SourceDate "2008.05.08"]

1. e4 e5 2. Nf3 Nc6 3. Bc4 Bc5 4. c3 d6 5. d4 exd4 6. cxd4 Bb6 7. O-O Bg4 8.
Bxf7+ Kxf7 9. Ng5+ Qxg5 10. Qb3+ Be6 11. d5 Qg6 0-1

[Event "Campeonato de España Universitario 2008"]
[Site "Madrid ESP"]
[Date "2008.05.09"]
[Round "6.62"]
[White "Gueler Verdasco, Martin"]
[Black "Simonet Planas, Adrian"]
[Result "0-1"]
[WhiteElo "1887"]
[BlackElo "2027"]
[PlyCount "60"]
[EventDate "2008.05.08"]
[EventType "swiss"]
[EventRounds "9"]
[EventCountry "ESP"]
[Source "lmi"]
[SourceDate "2008.05.08"]

1. d4 d5 2. Bg5 c5 3. e3 Nc6 4. c3 cxd4 5. exd4 g6 6. Bd3 Bg7 7. Nd2 f6 8. Bh4
Nh6 9. Ngf3 O-O 10. Nb3 Qb6 11. Bc2 Bf5 12. Bxf5 Nxf5 13. Qd3 Rad8 14. O-O-O
Nxh4 15. Nxh4 e5 16. Qd2 Qc7 17. Nf3 a5 18. Nc5 Qc8 19. Kb1 b6 20. Nb3 a4 21.
Nc1 Na5 22. Qc2 b5 23. Rhe1 e4 24. Nd2 Qc6 25. f3 f5 26. g3 Rb8 27. f4 Rfc8 28.
Re3 Bxd4 29. Re2 Bg7 30. Re3 d4 0-1